000 00434nam a2200169Ia 4500
008 230917s9999||||xx |||||||||||||| ||und||
020 _cRS725
040 _e244193
_aMAIN
041 _aEnglish
082 _a589.3 S23A
100 _aSharma, O P
245 0 _aAlgae
260 _aChennai
_bMcGraw Hill Education (India)
_c2017
300 _axv, 389 p.
500 _a2984 20/12/2017 RBP18/69095 20/02/2018 Main Budget
942 _cBK
999 _c25099
_d25099